00000000cam 2200000zi 4500
0019.945710
003CaOODSP
00520260220101447
006m     o  d f      
007cr cn|||||||||
008241128t20242024onc     o    f000 0 eng d
020 |a9780660747101
040 |aCaOODSP|beng|erda|cCaOODSP
043 |an-cn---
045 |ay2y2
0861 |aIu4-443/2024E-PDF
24500|aPOR study on Sky Canada : |ba nationwide survey for the Office of the Chief Science Advisor of Canada (OCSA) : research report / |cprepared for Innovation, Science and Economic Development Canada (ISED).
24617|aInnovation, Science and Economic Development Canada (ISED) - POR study on Sky Canada : |ba nationwide survey for the Office of the Chief Science Advisor of Canada (OCSA) (2024) - research report
264 1|aOttawa, Ontario : |bInnovation, Science and Economic Development Canada = Innovation, sciences et développement économique Canada, |c2024.
264 4|c©2024
300 |a1 online resource (42 pages) + |esummary (4 pages)
336 |atext|btxt|2rdacontent
337 |acomputer|bc|2rdamedia
338 |aonline resource|bcr|2rdacarrier
500 |aIssued also in French under title: Étude de ROP sur le projet Ciel Canada : une enquête nationale pour le Bureau de la conseillère scientifique en chef du Canada (BCSC) : rapport de recherche.
500 |a"Supplier name: Earnscliffe Strategy Group."
500 |a"Contract number: U1400-25-5551."
500 |a"Delivery date: October 11, 2024."
500 |a"Registration number: POR #018-24."
650 0|aUnidentified flying objects|xPublic opinion.
650 0|aUnidentified flying objects|xSightings and encounters|zCanada|xPublic opinion.
650 0|aUnidentified flying objects|xGovernment policy|zCanada|xPublic opinion.
650 0|aPublic opinion|zCanada.
7101 |aCanada. |bInnovation, Science and Economic Development Canada, |eissuing body.
7102 |aEarnscliffe Strategy Group, |econsultant.
77508|tÉtude de ROP sur le projet Ciel Canada : |w(CaOODSP)9.945713
85640|qPDF|s684 KB|uhttps://publications.gc.ca/collections/collection_2025/isde-ised/Iu4-443-2024-eng.pdf|zResearch report
85640|qPDF|s126 KB|uhttps://publications.gc.ca/collections/collection_2025/isde-ised/Iu4-443-2024-1-eng.pdf|zExecutive summary
8564 |qHTML|sN/A|uhttps://epe.bac-lac.gc.ca/100/200/301/pwgsc-tpsgc/por-ef/innovation_science_economic_development_canada/2024/018-24-e/018-24-report/index.html?page=1|zResearch report
8564 |qHTML|sN/A|uhttps://epe.bac-lac.gc.ca/100/200/301/pwgsc-tpsgc/por-ef/innovation_science_economic_development_canada/2024/018-24-e/summary/018-24-summary/index.html?page=1|zExecutive summary
8564 |qHTML|sN/A|uhttps://epe.bac-lac.gc.ca/100/200/301/pwgsc-tpsgc/por-ef/innovation_science_economic_development_canada/2024/018-24-e/index.html|zComplete dataset